Welcome to the Holygrace Academy Library

Please use search bar below to get started

SWAMI VIVEKANANDA (Record no. 6281)

MARC details
000 -LEADER
fixed length control field 00287nam a22001337a 4500
082 ## - DEWEY DECIMAL CLASSIFICATION NUMBER
Classification number 920
Item number MOH/S
100 ## - MAIN ENTRY--AUTHOR NAME
Personal name MOHAN,RAVINDRA
245 ## - TITLE STATEMENT
Title SWAMI VIVEKANANDA
250 ## - EDITION STATEMENT
Edition statement FIRST
260 ## - PUBLICATION, DISTRIBUTION, ETC. (IMPRINT)
Place of publication THRISSUR
Name of publisher H& C PUBLISHING HOUSE
300 ## - PHYSICAL DESCRIPTION
Number of Pages 88
650 ## - SUBJECT ADDED ENTRY--TOPICAL TERM
Topical Term BIOGRAPHY
Geographic subdivision KERALA
942 ## - ADDED ENTRY ELEMENTS (KOHA)
Koha item type Books
Holdings
Withdrawn status Lost status Collection code Home library Current library Shelving location Date acquired Source of acquisition Full call number Accession Number Koha item type
    Reference Main Library Main Library SHELF-17-K-BIOGRAPHIES & AUTOBIOGRAPHIES 08/11/2012 PURCHASE 920 MOH/S 03902 Books